000 005870000a22002050004500
003 LK-CoMWRAF
005 20231022102112.0
008 230817t1999 ||||| |||| 00| 0 eng d
020 _a1888043040
040 _aLK-CoMWRAF
_dLK-CoMWRAF
_eLK-CoMWRAF
041 _aeng
082 _a158.1
_bKAN
100 _aKane, Ariel
100 _aKane, Shya
245 _aWorking on yourself doesn't work:
_ba book about instantaneous transformation
260 _aNew York:
_bASK Publications,
_c1999
300 _a126 p. : ill. ; 22 cm.
650 _aSELF-ACTUALIZATION(PSYCHOLOGY)
942 _cBK
999 _c2366
_d2366